Регионална библиотека "Любен Каравелов" - Русе

Великолепният век. Хюрем - московската наложница (Запис номер 131413)

MARC детайли
000 -Лидер
Контролно поле с фиксирана дължина 01534nam a2200349 c 4500
003 - Код на организацията, давaща контролен номер
Контролно поле BLK
005 - Дата и час на последна редакция
Контролно поле 20250707121919.0
008 - Елементи от данни с фиксирана дължина
fixed length control field 180409b bul|||||r ||||||| ||bul||
010 ## - Наследен системен номер
LC control number KNG00137230000
020 ## - Международен стандартен номер на книга ISBN
Международен стандартен номер на книга ISBN 978-954-516-988-5
-- издат.: Летера
040 ## - Източник на каталожния запис
Идентификатор на билиотеката - собственик на записа BLK
041 ## - Код за език
Код за езика на текст/звукозапис или на отделно заглавие Български
Код за езика КДБФ Български
072 #7 - Код за тематичната категория
Код организация bullib
Код за тематична категория Н83
Текст Чужда художествена литература Н
080 ## - УДК
Текстов определител УДК Турска литература
УДК код - определител по УДК 821.512.161
УДК определител -311.6
УДК - код + определител 821.512.161-311.6
100 1# - Редна дума - Автор
Автор Алтънйелеклиоглу, Демет
Авторска отговорност първи автор
R(LIN) 322717
139 ## - Редно поле
Редна дума Алтънйелеклиоглу, Демет
Авторски знак Алт - А 58
245 10 - Сведения за заглавието
Заглавие Великолепният век. Хюрем - московската наложница
Подзаглавни данни Роман
Редно поле (дума) Демет Алтънйелеклиоглу; прев. от тур. Диана Динова Кая.
257 ## - Страна на издаване
Страна на създаване/издаване Турция
260 ## - Област на издателските данни
-- София
Име на издателя, разпространителя и проч. Летера
Година на издаване 2012
Печатница Костинброд : Мултипринт
300 ## - Физическа характеристика
Страници 620 с.
Размери/Мащаб 20 см
380 ## - Жанр
Жанр Худож. лит.
500 ## - Общи забележки
Забележка Ориг. загл. Moskof Cariye Hurrem / Demet Altinyeleklioglu. - Съдържа и за авт.
653 ## - Ключова дума – ненормативна
Ключова дума исторически романи
659 ## - Тематичен бюлетин
Тематичен бюлетин Н
700 1# - Други автори (авторска отговорност)
Лично име Кая, Диана Динова
Автороска отговорност (Описва отношението между автора и произведението) прев. от тур.
9 (RLIN) 77920
852 ## - Местоположение
Форматна сигнатура Цб 257416
856 4# - Електронен адрес и достъп
Електронен формат pdf - файл
Път до файла /url/
856 4# - Електронен адрес и достъп
Електронен формат pdf - файл
Път до файла /url/
942 ## - АРТИКУЛИ
Вид на библиотечния материал Книги
Скрит в OPAC Не
Koha issues (borrowed), all copies 37
944 ## - СЪЗДАВАНЕ И РЕДАКЦИЯ на ЗАПИСА
Създаване/Редакция Създаване
Дата на регистрацията/редакция 07.11.2008
Статус, дата на статуса Цветомила Тодорова
Служител, извършил регистрацията/редакцията 30576
944 ## - СЪЗДАВАНЕ И РЕДАКЦИЯ на ЗАПИСА
Създаване/Редакция Редакция
Дата на регистрацията/редакция 15.03.2017
Статус, дата на статуса ф /
Служител, извършил регистрацията/редакцията Людмила_Стоянова
999 ## - СИСТЕМНИ КОНТРОЛНИ НОМЕРА
Koha biblionumber 131413
Koha biblioitemnumber 131413
Наличности
Код за отписване Код за изгубен артикул Код за повреда Коз за рестрикции Код за отдаване Артикулен № Име на библиотеката - собственик Име на библиотеката, в която се намира в момента Статус (Текущо местоположение) Дата на вписване в системата Местоположение - отдел Цена в лева Инвентарен номер Систематично азбучна сигнатура Баркод Номер на екземпляра Цена в евро Служебна бележка Служебен тип на артикула Източник на класификационната схема
  Не е изгубен Не е повреден без рестрикции заемане за дома 214308 Регионална библиотека "Любен Каравелов" Русе Регионална библиотека "Любен Каравелов" Русе Заемна - подръчен фонд 2012-12-14 Заемна - подръчен фонд 23.00 120000762260 П 894.35-31/А 58 120000762260 1 11.76 Дост: Pk Вид: Ф N: 334 Дата: 10.12.2012 Дата инв: 08.02.2018 Бележки инв: П2018 Книги  
  Не е изгубен Не е повреден без рестрикции заемане за дома 214309 Регионална библиотека "Любен Каравелов" Русе Регионална библиотека "Любен Каравелов" Русе Заемна - подръчен фонд 2012-12-14 Заемна - подръчен фонд 23.00 120000762261 П 894.35-31/А 58 120000762261 2 11.76 Дост: Pk Вид: Ф N: 334 Дата: 10.12.2012 Дата инв: 08.02.2018 Бележки инв: П2018 Книги Universal Decimal Classification
  Не е изгубен Не е повреден без рестрикции заемане за дома 214310 Регионална библиотека "Любен Каравелов" Русе Регионална библиотека "Любен Каравелов" Русе Заемна - подръчен фонд 2012-12-14 Заемна - подръчен фонд 23.00 120000762262 П 894.35-31/А 58 120000762262 3 11.76 Дост: Pk Вид: Ф N: 334 Дата: 10.12.2012 Книги Universal Decimal Classification
  Не е изгубен Не е повреден без рестрикции ползва се в читалня 214311 Регионална библиотека "Любен Каравелов" Русе Регионална библиотека "Любен Каравелов" Русе Хранилище 2014-06-06 Хранилище 23.00 120000778007 Цб 257416 120000778007 4 11.76 Дост: Dp Вид: Д N: 33 Дата: 01.08.2013 Книги  
  Не е изгубен Не е повреден без рестрикции заемане за дома 214312 Регионална библиотека "Любен Каравелов" Русе Регионална библиотека "Любен Каравелов" Русе Заемна - подръчен фонд 2017-03-15 Заемна - подръчен фонд 18.40 120000808889 П 894.35-31/А 58 120000808889 5 9.41 Дост: Pk Вид: Ф N: 1609 Дата: 03.03.2017 Дата инв: 12.02.2018 Бележки инв: П2018 Книги  
Vip Innovations Ltd, Rousse, Bulgaria 2025